Normal view
MARC view
Entry Personal Name
001 - CONTROL NUMBER
- control field: 15833
003 - CONTROL NUMBER IDENTIFIER
- control field: OSt
005 - DATE AND TIME OF LATEST TRANSACTION
- control field: 20211105133952.0
008 - FIXED-LENGTH DATA ELEMENTS
- fixed length control field: 211105|| aca||aabn | a|a d
040 ## - CATALOGING SOURCE
- Original cataloging agency: OSt
- Transcribing agency: OSt
100 ## - HEADING--PERSONAL NAME
- Personal name: Solheim, J. E., ed
670 ## - SOURCE DATA FOUND
- Source citation: Work cat.: (OSt): Midnight Sun Conference on Activity in Cool Star Envelopes Tromso, Norway 1987 July 1-8 15828, Activity in cool star envelopes, 1988